Southville International School and Colleges
Your cart is empty.
  • Cart
  • Lists
    Public lists Eva Luna New books Lux_list list_1
    Your lists Log in to create your own lists
  • Log in to your account
  • Your cookies
  • Search history
Southville International School and Colleges
  • Advanced search
  • Recent comments
  • Most popular
  • Libraries

Log in to your account

Log in with GOOGLE


If you do not have an external account, but do have a local account, you can still log in:

  1. Home
  2. MARC view: Lewis's medical-surgical nursing : assessment and management of clinical problems
Normal view MARC view ISBD view

Lewis's medical-surgical nursing : assessment and management of clinical problems (Record no. 365294)

[ view plain ]
MARC details
000 -LEADER
fixed length control field 00672nam a22002057a 4500
003 - CONTROL NUMBER IDENTIFIER
control field 0
005 - DATE AND TIME OF LATEST TRANSACTION
control field 20230913121015.0
008 - FIXED-LENGTH DATA ELEMENTS--GENERAL INFORMATION
fixed length control field 230913b xxu||||| |||| 00| 0 eng d
020 ## - INTERNATIONAL STANDARD BOOK NUMBER
International Standard Book Number 978-0-323-78961-5
050 ## - LIBRARY OF CONGRESS CALL NUMBER
Classification number RT 41
Item number .L49 2023
245 ## - TITLE STATEMENT
Title Lewis's medical-surgical nursing : assessment and management of clinical problems
250 ## - EDITION STATEMENT
Edition statement Twelfth edition
260 ## - PUBLICATION, DISTRIBUTION, ETC. (IMPRINT)
Place of publication, distribution, etc Missouri
Name of publisher, distributor, etc Elsevier
Date of publication, distribution, etc c2023.
300 ## - PHYSICAL DESCRIPTION
Extent xxix, 1800 pages :
Other physical details col. ill. ;
Dimensions 29 cm.
500 ## - GENERAL NOTE
General note Surgical nursing.
504 ## - BIBLIOGRAPHY, ETC. NOTE
Bibliography, etc Includes bibliographical references, glossary and index.
650 ## - SUBJECT ADDED ENTRY--TOPICAL TERM
Topical term or geographic name as entry element Surgical nursing.
650 ## - SUBJECT ADDED ENTRY--TOPICAL TERM
Topical term or geographic name as entry element Nursing -- handbooks, manuals, etc.
942 ## - ADDED ENTRY ELEMENTS (KOHA)
Source of classification or shelving scheme Library of Congress Classification
Koha item type Books
Holdings
Withdrawn status Lost status Source of classification or shelving scheme Damaged status Home library Current library Shelving location Date acquired Source of acquisition Sub Shelving location Total Checkouts Full call number Barcode Date last seen Date checked out Price effective from Koha item type
    Library of Congress Classification   College Library College Library Reserve Section 09/13/2023 Library Fund   1 RT 41 .L49 2023 C22986 11/30/2023 11/23/2023 09/13/2023 Books

Lewis's medical-surgical nursing : assessment and management of clinical problems

APA

(2023). Lewis's medical-surgical nursing : assessment and management of clinical problems. Missouri: Elsevier.

Chicago

2023. Lewis's medical-surgical nursing : assessment and management of clinical problems. Missouri: Elsevier.

Harvard

(2023). Lewis's medical-surgical nursing : assessment and management of clinical problems. Missouri: Elsevier.

MLA

Lewis's medical-surgical nursing : assessment and management of clinical problems. Missouri: Elsevier. 2023.

  • Place hold
  • Print
  • Cite
  • Add to your cart (remove)
  • Save record
    BIBTEX Dublin Core MARCXML MARC (non-Unicode/MARC-8) MARC (Unicode/UTF-8) MARC (Unicode/UTF-8, Standard) MODS (XML) RIS
  • More searches
    Search for this title in:
    Other Libraries (WorldCat) Other Databases (Google Scholar) Online Stores (Bookfinder.com) Open Library (openlibrary.org)

Exporting to Dublin Core...

SOUTHVILLE LIBRARY

Southville International School and Colleges Library

1281 Tropical Ave. Cor. Luxembourg St., BF Homes International, Las Pinas City

Tel. No. 8256374 / 252358 Loc. 117/146

Powered by Koha